LEADER 03732oam 2200769I 450 001 9910783612203321 005 20230607220454.0 010 $a1-134-52041-7 010 $a1-134-52042-5 010 $a1-280-05646-0 010 $a0-203-28221-3 010 $a0-203-16695-7 024 7 $a10.4324/9780203166956 035 $a(CKB)1000000000249295 035 $a(EBL)180604 035 $a(OCoLC)814399181 035 $a(SSID)ssj0001144147 035 $a(PQKBManifestationID)12527496 035 $a(PQKBTitleCode)TC0001144147 035 $a(PQKBWorkID)11114294 035 $a(PQKB)10577338 035 $a(SSID)ssj0000294181 035 $a(PQKBManifestationID)11225528 035 $a(PQKBTitleCode)TC0000294181 035 $a(PQKBWorkID)10311898 035 $a(PQKB)11170520 035 $a(Au-PeEL)EBL180604 035 $a(CaPaEBR)ebr10100318 035 $a(CaONFJC)MIL5646 035 $a(OCoLC)56582713 035 $a(MiAaPQ)EBC180604 035 $a(EXLCZ)991000000000249295 100 $a20180331d2002 uy 0 101 0 $aeng 135 $aur|n|---||||| 181 $ctxt 182 $cc 183 $acr 200 10$aDo political campaigns matter? $ecampaign effects in elections and referendums /$fDavid M. Farrell and Rudiger Schmitt-Beck 210 1$aLondon ;$aNew York :$cRoutledge,$d2002. 215 $a1 online resource (236 p.) 225 1 $aRoutledge/ECPR Studies in European Political Science 300 $aDescription based upon print version of record. 311 $a0-415-40660-9 311 $a0-415-25593-7 320 $aIncludes bibliographical references and index. 327 $aBook Cover; Title; Contents; List of figures; List of tables; Notes on the contributors; Series editor's preface; Preface and acknowledgements; Studying political campaigns and their effects; Calculating or capricious? The new politics of late deciding voters; When do election campaigns matter, and to whom? Results from the 1999 Swiss election panel study; Campaign effects and media monopoly: the 1994 and 1998 parliamentary elections in Hungary; Priming and campaign context: evidence from recent Canadian elections 327 $aCandidate-centred campaigns and their effects in an open list system: the case of FinlandPost-Fordism in the constituencies? The continuing development of constituency campaigning in Britain; Do campaign communications matter for civic engagement? American elections from Eisenhower to George W.Bush; Referendums and elections: how do campaigns differ?; Public opinion formation in Swiss federal referendums; Do political campaigns matter? Yes, but it depends; Bibliography; Index 330 $aThis book, in bringing together some of the leading international scholars on electoral behaviour and communication studies, provides the first ever stock-take of the state of this sub-discipline. The individual chapters present the most recent studies on campaign effects in North America, Europe and Australasia. As a whole, the book provides a cross-national assessment of the theme of political campaigns and their consequences. 410 0$aRoutledge/ECPR Studies in European Political Science 606 $aPolitical campaigns 606 $aAdvertising, Political 606 $aElections 606 $aVoting 615 0$aPolitical campaigns. 615 0$aAdvertising, Political. 615 0$aElections. 615 0$aVoting. 676 $a324.7 700 $aFarrell$b David M.$f1960,$01581388 701 $aSchmitt-Beck$b Rudiger$01139289 801 0$bFlBoTFG 801 1$bFlBoTFG 906 $aBOOK 912 $a9910783612203321 996 $aDo political campaigns matter$93862888 997 $aUNINA LEADER 03509nam 22006735 450 001 9910483785203321 005 20251113202229.0 010 $a3-030-49775-5 024 7 $a10.1007/978-3-030-49775-0 035 $a(CKB)4100000011363828 035 $a(DE-He213)978-3-030-49775-0 035 $a(MiAaPQ)EBC6274796 035 $a(Au-PeEL)EBL6274796 035 $a(OCoLC)1195825384 035 $a(PPN)250215772 035 $a(MiAaPQ)EBC30766843 035 $a(Au-PeEL)EBL30766843 035 $a(EXLCZ)994100000011363828 100 $a20200801d2020 u| 0 101 0 $aeng 135 $aurnn|008mamaa 181 $ctxt$2rdacontent 182 $cc$2rdamedia 183 $acr$2rdacarrier 200 10$aSmooth Manifolds /$fby Claudio Gorodski 205 $a1st ed. 2020. 210 1$aCham :$cSpringer International Publishing :$cImprint: Birkhäuser,$d2020. 215 $a1 online resource (XII, 154 p. 11 illus.) 225 1 $aCompact Textbooks in Mathematics,$x2296-455X 311 08$a3-030-49774-7 320 $aIncludes bibliographical references and index. 327 $aPreface -- Smooth manifolds -- Tensor fields and differential forms -- Lie groups -- Integration -- Appendix A: Covering manifolds -- Appendix B: Hodge Theory -- Bibliography -- Index. 330 $aThis concise and practical textbook presents the essence of the theory on smooth manifolds. A key concept in mathematics, smooth manifolds are ubiquitous: They appear as Riemannian manifolds in differential geometry; as space-times in general relativity; as phase spaces and energy levels in mechanics; as domains of definition of ODEs in dynamical systems; as Lie groups in algebra and geometry; and in many other areas. The book first presents the language of smooth manifolds, culminating with the Frobenius theorem, before discussing the language of tensors (which includes a presentation of the exterior derivative of differential forms). It then covers Lie groups and Lie algebras, briefly addressing homogeneous manifolds. Integration on manifolds, explanations of Stokes? theorem and de Rham cohomology, and rudiments of differential topology complete this work. It also includes exercises throughout the text to help readers grasp the theory, as well as more advanced problems for challenge-oriented minds at the end of each chapter. Conceived for a one-semester course on Differentiable Manifolds and Lie Groups, which is offered by many graduate programs worldwide, it is a valuable resource for students and lecturers alike. . 410 0$aCompact Textbooks in Mathematics,$x2296-455X 606 $aGlobal analysis (Mathematics) 606 $aManifolds (Mathematics) 606 $aTopological groups 606 $aLie groups 606 $aGeometry, Differential 606 $aGlobal Analysis and Analysis on Manifolds 606 $aTopological Groups and Lie Groups 606 $aDifferential Geometry 615 0$aGlobal analysis (Mathematics) 615 0$aManifolds (Mathematics) 615 0$aTopological groups. 615 0$aLie groups. 615 0$aGeometry, Differential. 615 14$aGlobal Analysis and Analysis on Manifolds. 615 24$aTopological Groups and Lie Groups. 615 24$aDifferential Geometry. 676 $a516.07 700 $aGorodski$b Cla´udio$00 801 0$bMiAaPQ 801 1$bMiAaPQ 801 2$bMiAaPQ 906 $aBOOK 912 $a9910483785203321 996 $aSmooth Manifolds$91886072 997 $aUNINA